| 000 | 00666nam a2200205 4500 | ||
|---|---|---|---|
| 001 | 125676 | ||
| 003 | ES-MaACL | ||
| 005 | 20230906192658.0 | ||
| 007 | t| | ||
| 008 | 070214s1981 sp r ||||1| spa d | ||
| 100 | 1 |
_aRateau, René. _995520 |
|
| 245 | 1 | 3 |
_aEl osciloscopio y su utilización práctica / _cRené Rateau ; traducción de Fernando Estrada Vidal. |
| 260 |
_aMadrid : _bParaninfo, _c1981. |
||
| 300 |
_a124 p. : _bil. ; _c17 cm. |
||
| 490 | 1 | _aManuales tecnológicos paraninfo | |
| 700 | 1 |
_aEstrada Vidal, Fernando. _948228 |
|
| 830 | 0 |
_aManuales tecnológicos paraninfo _9219061 |
|
| 852 |
_aES-MaACL _jA-11012 _bR.102327 |
||
| 999 |
_c125676 _d125676 |
||